Movies Quiz

Random Movies or Mixed Word Quiz

Mixed Word: Disney Titles Quiz Stats

 Plays Quiz Updated Jun 30, 2018

Challenge
Share
Tweet
Embed
Score 0/40 Timer 07:00
26 Plays Today
Scrambled Title Unscrambled Title % Correct
IABMBBambi
91%
LOBTBolt
89.1%
EHT NIOL NGIKThe Lion King
87.3%
REETP NPAPeter Pan
86.7%
ETH TTLLIE DAEMMRIThe Little Mermaid
85.4%
BERHOTR REABBrother Bear
85.3%
UATEYB NDA HET TSBEABeauty and the Beast
84.5%
LAUMNMulan
84%
WONS THIWE NDA HET VEENS FARSWDSnow White and the Seven Dwarfs
83.4%
NOE DDRNHUE DNA NEO LADMIAATNSOne Hundred and One Dalmatians
82.7%
ETH GEULJN OKOBThe Jungle Book
82%
DALY NDA HET PRATMLady and the Tramp
81.1%
BORNI DOHORobin Hood
80.4%
NILDDAAAladdin
80.3%
ETH WROSD NI HTE NOTESThe Sword in the Stone
78.9%
HET NIRSCPES DNA HTE GFORThe Princess and the Frog
78.6%
MOEH NO HET GRENAHome on the Range
77.7%
HTE TREAG SOUME TEEDTVICEThe Great Mouse Detective
77%
EHT CHHNCKABU FO NRETO MADEThe Hunchback of Notre Dame
76.7%
BODUMDumbo
76.6%
Scrambled Title Unscrambled Title % Correct
EHT NAYM SUERVANDTE FO NNIIWE HET HOPOThe Many Adventures of Winnie the Pooh
74%
PNIEELSG ATEBUYSleeping Beauty
71.1%
OOAAPHCTSNPocahontas
70.8%
TEME HTE BISONSNORMeet the Robinsons
70.7%
HET SRRE'MPOE WNE OVROGEThe Emperor's New Groove
70.6%
CEALI NI ELDORDWANNAlice in Wonderland
70.2%
RNAATZTarzan
69.1%
HTE SEEURCRSThe Rescuers
68.7%
AAATSIFNFantasia
67.2%
GNATDLETangled
66.4%
CIIHPOONCPinocchio
64.1%
KCCNIEH ILTELTChicken Little
63.1%
DEEARLNICLCinderella
62.8%
ODELYM MITEMelody Time
58.3%
PAZITOOOZootopia
57%
TEH ICARTSAOSTThe Aristocats
55.6%
TAATSINL: HTE STOL MEERIPAtlantis: The Lost Empire
55.1%
RUELCHESHercules
54.8%
HET RHETE BACLEORLSAThe Three Caballeros
39.1%
SUTEARER ANTPELTreasure Planet
37.9%

You're not logged in!

Compare scores with friends on all Sporcle quizzes.
Join for Free
OR
Log In

You Might Also Like...

Show Comments

Extras

Top Quizzes Today


Score Distribution

Your Account Isn't Verified!

In order to create a playlist on Sporcle, you need to verify the email address you used during registration. Go to your Sporcle Settings to finish the process.

Report this User

Report this user for behavior that violates our Community Guidelines.

Details: